John F. Kennedy Quiz #2 - Statistics

General Stats
  • This quiz has been taken 423 times
    414 since last reset
  • The average score is 11 of 15
Answer Stats
Question Answer % Correct
What country was his ancestors from? Ireland
94%
What state was he born in? Massachusetts
93%
Who was his brother and attorney general? Robert F. Kennedy
93%
What is JFK's middle name? Fitzgerald
92%
Who he ran against in the 1960 presidential election Richard Nixon
92%
The woman that he famously had an affair with was Marilyn Monroe
91%
Name of Vice President Lyndon Johnson
89%
How many children did he have? 4
85%
Name of his brother that was shot down in WWII Joseph P. Kennedy Jr.
80%
What was the nickname for his presidency? Camelot
71%
What marks his grave? Eternal Flame
69%
What medal did he recieve for being wounded? Purple Heart
64%
What kind of boat did he operate while in the navy? Patrol Torpedo
58%
What city was he born in? Brookline
49%
What ship rammed his boat in WWII? Amagiri
9%
No matching quizzes found
Score Distribution
Percent of People with Each Score
Percentile by Number Answered
Your Score History
You have not taken this quiz since the last reset